Procuraduría General de la Nación y estados de excepción (Registro nro. 7163)

Detalles MARC
000 -LEADER
fixed length control field 01293cam a2200265 a 4500
003 - CONTROL NUMBER IDENTIFIER
control field OSt
005 - DATE AND TIME OF LATEST TRANSACTION
control field 20210211134938.0
008 - FIXED-LENGTH DATA ELEMENTS--GENERAL INFORMATION
fixed length control field 040728s2004 ck ad r s000 0 spa d
020 ## - INTERNATIONAL STANDARD BOOK NUMBER
International Standard Book Number 9583361836
040 ## - CATALOGING SOURCE
Original cataloging agency CO-BoPUJ
Transcribing agency CO-JMCR
041 0# - LANGUAGE CODE
Language code of text/sound track or separate title spa
082 04 - DEWEY DECIMAL CLASSIFICATION NUMBER
Classification number 342.062
Item number P964p
Edition number 23
110 1# - MAIN ENTRY--CORPORATE NAME
Corporate name or jurisdiction name as entry element Colombia
Subordinate unit Procuraduría General de la Nación
9 (RLIN) 2782
245 10 - TITLE STATEMENT
Title Procuraduría General de la Nación y estados de excepción
Statement of responsibility, etc. Procuraduría General de la Nación
250 ## - EDITION STATEMENT
Edition statement Primera edición
260 ## - PUBLICATION, DISTRIBUTION, ETC.
Place of publication, distribution, etc. Bogotá :
Name of publisher, distributor, etc. Procuraduría General de la Nación,
Date of publication, distribution, etc. 2004.
300 ## - PHYSICAL DESCRIPTION
Extent 624 páginas
Other physical details ilustraciones, gráficos a blanco y negro ;
Dimensions 24 cm.
504 ## - BIBLIOGRAPHY, ETC. NOTE
Bibliography, etc. note Bibliografía: páginas 621-624
505 0# - FORMATTED CONTENTS NOTE
Formatted contents note Conmoción interior, Derechos Humanos y Estado Social de Derecho -- Informe especial de la zona de rehabilitación y consolidación de Arauca -- Conclusiones, recomendaciones finales y tareas inmediatas -- Estrategias de la Procuraduría General de la Nación en materia de conmoción interior
650 24 - SUBJECT ADDED ENTRY--TOPICAL TERM
Topical term or geographic name entry element Estados de excepción
General subdivision Legislación
Geographic subdivision Colombia
9 (RLIN) 13330
650 24 - SUBJECT ADDED ENTRY--TOPICAL TERM
Topical term or geographic name entry element Estado de conmoción interior
General subdivision Legislación
Geographic subdivision Colombia
9 (RLIN) 13331
650 24 - SUBJECT ADDED ENTRY--TOPICAL TERM
Topical term or geographic name entry element Derechos humanos
General subdivision Legislación
Geographic subdivision Colombia
9 (RLIN) 10710
650 24 - SUBJECT ADDED ENTRY--TOPICAL TERM
Topical term or geographic name entry element Garantías constitucionales
Geographic subdivision Colombia
9 (RLIN) 8821
942 ## - ADDED ENTRY ELEMENTS (KOHA)
Source of classification or shelving scheme Dewey Decimal Classification
Koha item type Books
Existencias
Withdrawn status Lost status Source of classification or shelving scheme Damaged status Not for loan Home library Current library Shelving location Date acquired Source of acquisition Total Checkouts Full call number Barcode Date last seen Copy number Price effective from Koha item type
    Dewey Decimal Classification     Biblioteca Pública José María del Castillo y Rada Biblioteca Pública José María del Castillo y Rada General Stacks 10/02/2020 Donación   342.062 / P964p 201810414 05/16/2024 Ej.1 10/02/2020 Books